| 000 | 00467nam a22001817a 4500 | ||
|---|---|---|---|
| 999 |
_c524031 _d524031 |
||
| 003 | NUST | ||
| 020 | _a- | ||
| 038 | _aZafar Malik | ||
| 082 |
_a891.421 _bFAI |
||
| 100 |
_aFaizaan, Faiz Rasool _914857 |
||
| 245 |
_aNaat Nagar / _cFaiz Rasool Faizaan |
||
| 260 |
_aGujranwala : _bFarugh Adab Academy _c2000 |
||
| 300 | _a320 p. ; | ||
| 500 | _aHardcover | ||
| 880 |
_6100-02\r _aفیض رسول فیضان |
||
| 880 |
_6245-02\r _aنعت نگر |
||
| 942 |
_2ddc _cBK |
||